000 00567nam a2200229Ia 4500
003 OSt
005 20220924150659.0
006 a|||||r|||| 00| 0
007 ta
008 220923b |||||||| |||| 00| 0 tel d
024 _a334166
037 _cTextual
040 _aARTS
_cARTS
_btel
041 _2tel
_atel
082 _aO35,2N291,4, K6
100 _aRao Subba
_9220970
245 0 _aPratidhvanulu
260 _c1966
650 _aTELUGU DRAMA
_9173432
942 _hO35,2N291,4, K6
_cTEXL
_2CC
999 _c464153
_d464153